000 01288nam a2200337 a 4500
001 000111187
003 CHAP
005 20220329144201.0
008 150115s2014 mx a fsm |||||||spa d
010 _a107649
011 _a108621
040 _cCHAP
090 _aTesis
100 1 _aPadilla Ramírez, María Griselda
_9129009
245 1 0 _aValoración económica del uso recreativo de la reserva de la biosfera la Michilía, Durango
_h[En línea]
_cpor María Griselda Padilla Ramírez.
260 _aChapingo, Méx. :
_bEl autor,
_c2014.
500 _aPara ver el contenido del material haga clic en la liga
502 _aTesis (M. C. en Economía Agrícola y de los Recursos Naturales) -- UACH. División Económico Administrativas
590 _aE11695DGD
_b10
_c20150120
_lUCH01
_h1046
590 _aE5995AHE
_b05
_c20150115
_lUCH01
_h1103
590 _aE5995AHE
_b05
_c20150115
_lUCH01
_h1103
650 1 4 _aÁreas protegidas
_zDurango.
_9129010
650 1 4 _aAreas recreativas
_96882
650 1 4 _aBosques
_xAspectos económicos
_xDurango.
_914068
650 1 4 _aRecursos naturales
_xDurango.
_995276
650 1 4 _aReserva de la biosfera.
_996101
856 _aFinding aid
_uhttp://10.13.5.2/tesis/sist111187.pdf
_zTeclea aquí
901 _aBK
942 _cTESIS
942 _n0
999 _c107649
_d107649